[Event "Ceriano Laghetto op-B 19th"]
[Site "Ceriano Laghetto"]
[Date "2010.03.??"]
[Round "1"]
[White "Colombo, Luca"]
[Black "Campesato, Adriano"]
[Result "1-0"]
[WhiteElo "1904"]
[BlackElo "1706"]
[PlyCount "95"]
[EventDate "2010.03.??"]
[EventType "swiss"]
[EventRounds "5"]
[EventCountry "ITA"]
[SourceTitle "EXT 2024"]
[Source "ChessBase"]
[SourceDate "2023.10.10"]
[SourceVersion "1"]
[SourceVersionDate "2023.10.10"]
[SourceQuality "1"]

1. e4 c5 2. Nc3 Nc6 3. g3 g6 4. d3 Bg7 5. Be3 d6 6. Bg2 Nf6 7. h3 a6 8. Qd2 Rb8 9. Bh6 Kf8 10. Nge2 Ng8 11. Bxg7+ Kxg7 12. Nd5 e5 13. 0-0 Nf6 14. Ndc3 h6 15. f4 Bd7 16. g4 Nh7 17. Ng3 Nd4 18. f5 Qh4 19. Qf2 Qg5 20. fxg6 Qxg6 21. Nd5 Rbe8 22. Ne3 Rhf8 23. c3 Nb5 24. Nef5+ Bxf5 25. exf5 Qg5 26. Bxb7 a5 27. f6+ Kh8 28. a4 Nc7 29. Ne4 Qg6 30. Nxd6 Re6 31. Be4 Qg5 32. Qxc5 Ne8 33. Nxe8 Rfxe8 34. Bd5 Rxf6 35. Rxf6 Nxf6 36. Rf1 Nxd5 37. Qxd5 Qe3+ 38. Kg2 f5 39. Rxf5 Qd2+ 40. Rf2 Qg5 41. Qc6 Rd8 42. Qf6+ Qxf6 43. Rxf6 Kg7 44. Rf3 Rb8 45. Rf2 Rd8 46. Rd2 e4 47. d4 Kg6 48. Kg3 1-0

[Event "Ceriano Laghetto op-B 18th"]
[Site "Ceriano Laghetto"]
[Date "2009.03.29"]
[Round "5"]
[White "Campesato, Adriano"]
[Black "Rota, Simone"]
[Result "0-1"]
[WhiteElo "1655"]
[BlackElo "1878"]
[PlyCount "60"]
[EventDate "2009.03.27"]
[EventType "swiss"]
[EventRounds "5"]
[EventCountry "ITA"]
[SourceTitle "EXT 2011"]
[Source "ChessBase"]
[SourceDate "2010.11.26"]
[SourceVersion "1"]
[SourceVersionDate "2010.11.26"]
[SourceQuality "1"]

1. d4 d5 2. Nf3 Nf6 3. g3 e6 4. Bg2 Be7 5. Nbd2 c5 6. c3 0-0 7. 0-0 Nc6 8. Nb3 b6 9. Re1 Bb7 10. dxc5 bxc5 11. Be3 Nd7 12. Qc2 Na5 13. Rad1 Nc4 14. Bc1 f5 15. Nbd2 Ncb6 16. e3 e5 17. Nf1 e4 18. N3d2 Ne5 19. b3 Nd3 20. Re2 Ba6 21. c4 Nb4 22. Qb1 dxc4 23. Nxc4 Qxd1 24. Rd2 Qh5 25. Ne5 Bf6 26. Nd7 Nxd7 27. Rxd7 Bd3 28. Rxd3 Nxd3 29. Qc2 Nxc1 30. Qxc1 Rac8 0-1